Responses for Show #4614 - Thursday, September 30, 2004

2004 Tournament of Champions final game 1.

Contestants

[<< previous game]

Russ Schumacher, a graduate student from Fort Collins, Colorado

Tom Walsh, a writer from Washington, D.C.

Arthur Gandolfi, a commercial real estate executive from Pleasantville, New York

[next game >>]

Jeopardy! Round responses

IN OLD ENCYCLOPEDIAS
PBS' ELECTRIC COMPANY
HODGEPODGE
SPLIT OWNERSHIP
(Alex: You have to name the two countries that share each geographic feature that we give you.)
STARBUCKS
I DON'T GIVE A "WHIT"
    $200 1
the USSR

Arthur
    $200 21
(Russ: Who is Jim Carrey?)

Morgan Freeman

ArthurRuss
    $200 11
bananas

Tom
    $200 6
(Tom: What are Switzerland and Austria?)
(Russ: What are Switzerland and France?)

Switzerland & Italy

ArthurTomRuss
    $200 26
cappuccino

Arthur
    $200 16
(Eli) Whitney

Tom
    $400 2
the potato

Arthur
    $400 22
Rita Moreno

Arthur
    $400 12
knitting needles

Triple Stumper
    $400 7
Haiti & the Dominican Republic

Russ
    $400 27
(Arthur: What is mochaccino?)
(Russ: What is a latte?)
...
(Alex: [Matter-of-factly] Al Pacino's brother.)

frappuccino

ArthurRuss
Triple Stumper
    $400 17
whittling

Russ
    $600 3
computers

Arthur
    $600 23
Bill Cosby

Arthur
    $600 13
Marcel Marceau

Arthur
    $600 8
Nepal & China

Russ
    $600 28
skim milk

Arthur
    $600 18
Whittier

Tom
    $800 4
Kampuchea

Arthur
    $800 24
Tom Lehrer

Triple Stumper
    $800 14
Queen Elizabeth I

Tom
    $800 9
Papua New Guinea & Indonesia

Tom
    $800 29
Kenya (or Ethiopia)

Arthur
    $800 19
Whitman

Tom
    $1,000 5
(Arthur: What is communism?)

apartheid

Arthur
    $1000 25
(Irene) Cara

Tom
    $1000 15
Muscat

Russ
    $1000 10
Peru & Bolivia

Tom
    $1000 30
shade coffee

Triple Stumper
    $1000 20
Whit Sunday

Arthur

Scores at the first commercial break (after clue 15):

Arthur Tom Russ
$1,800 $2,600 $1,800

Scores at the end of the Jeopardy! Round:

Arthur Tom Russ
$5,200 $5,200 $1,600

Double Jeopardy! Round responses

AFRICAN CAPITALS
ALBUMS
OPERA
RENAISSANCE ART
HUMAN EVOLUTION
SEARCH: ENGINES
(Alex: The response will appear either horizontally, vertically, or diagonally in the puzzles which we will present as part of the clue.)
    $400 16
Monrovia

Tom
    $400 6
Garth Brooks

Tom
    $400 1
Hansel and Gretel

Tom
    $400 26
the dome

Tom
    $400 21
tools

Russ
    $400 11
jet

Russ
    $1,500 17
Mogadishu

Tom
    $800 7
Charlie's Angels

Russ
    $800 2
(Arthur: Who is Dido?)
...
(Alex: Yes, the King of Ithaca was Ulysses.)

Penelope

ArthurTom
    $800 27
David

Tom
    $800 22
(Russ: What are the arms?)
(Arthur: What are the hands?)

the teeth

ArthurRuss
Triple Stumper
    $800 12
gas

Tom
    $1200 18
Rabat

Russ
    $1200 8
Kenny G

Russ
    $400 3
Die Meistersinger (von Nürnburg)

Tom
    $1200 28
The Gates of Paradise

Triple Stumper
    $1200 23
Neanderthals

Russ
    $1200 13
steam

Russ
    $1600 19
Tunis

Arthur
    $1600 9
Bone Thugs-n-Harmony

Triple Stumper
    $1600 4
she was too heavy

Arthur
    $1600 29
(Arthur: Who is Bellini?)

Raphael

Arthur
Triple Stumper
    $1600 24
the chimp(anzee)

Triple Stumper
    $1600 14
fire

Tom
    $2000 20
Kinshasa

Russ
    $2000 10
The Replacements

Russ
    $2000 5
Così fan tutte

Tom
    $2000 30
(Girolamo) Savonarola

Arthur
    $2000 25
Homo erectus

Russ
    $2000 15
prop

Tom

Scores at the end of the Double Jeopardy! Round:

Arthur Tom Russ
$7,200 $16,700 $13,200

Final Jeopardy! Round responses

ACRONYMS
(Alex: "Strengthening America by Providing Appropriate Tools Required to Intercept and Obstruct Terrorism".)
ArthurWhat is the ADA?
$7,200
RussWhat is TSA?
$3,600
TomWhat is USA PATRIOT Act?
$3,000
the USA PATRIOT Act

Final scores:

Arthur Tom Russ
$0 $19,700 $9,600

Game dynamics:

Coryat scores:

Arthur Tom Russ
$8,200 $16,800 $13,200
16 R,
5 W
(including 1 DD)
20 R
(including 2 DDs),
1 W
14 R,
4 W

Combined Coryat: $38,200

[game clues] [game scores] [suggest correction]

Game tape date: 2004-04-30
The J! Archive is created by fans, for fans. Scraping, republication, monetization, and malicious use prohibited; this site may use cookies and collect identifying information. See terms. The Jeopardy! game show and all elements thereof, including but not limited to copyright and trademark thereto, are the property of Jeopardy Productions, Inc. and are protected under law. This website is not affiliated with, sponsored by, or operated by Jeopardy Productions, Inc. Join the discussion at JBoard.tv.